[Event "Lidums Checkmate Open"]
[Site "Adelaide"]
[Date "2010.07.04"]
[Round "5.11"]
[White "Guo, Emma"]
[Black "Simmonds, Leteisha"]
[Result "1-0"]
[WhiteElo "1843"]
[BlackElo "1396"]
[PlyCount "117"]
[EventDate "2010.07.03"]
[EventType "swiss"]
[EventRounds "7"]
[EventCountry "AUS"]

1. d4 e6 2. Nf3 b6 3. e3 Bb7 4. Bd3 f5 5. O-O Nf6 6. Nbd2 d6 7. Re1 Nbd7 8. e4
f4 9. Ng5 Qe7 10. Bc4 e5 11. Ne6 Rc8 12. f3 h6 13. Qe2 Nb8 14. a4 a6 15. b4 Nh7
16. b5 a5 17. dxe5 dxe5 18. Nb1 Qf6 19. Nxf8 Nxf8 20. Nc3 Ne6 21. Ba3 Kf7 22.
Rad1 Rhd8 23. Rxd8 Qxd8 24. Rd1 Qe8 25. Nd5 Nd7 26. Qd2 Nf6 27. Qc3 Bxd5 28.
exd5 Nd4 29. d6+ Kg6 30. Qd3+ Kg5 31. c3 Nf5 32. d7 Nxd7 33. Qxd7 Qxd7 34. Rxd7
Kf6 35. Rf7+ Kg6 36. Be6 Re8 37. Bb3 Ne3 38. Rd7 Rc8 39. Bc1 Nf5 40. Bc2 Kf6
41. Bxf5 Kxf5 42. Kf2 g5 43. Ke2 h5 44. h3 Ke6 45. Rh7 h4 46. Ba3 c5 47. bxc6
Rxc6 48. Rh6+ Kd5 49. Rxc6 Kxc6 50. c4 Kd7 51. Kd3 Ke6 52. Ke4 Kf6 53. Bb2 Ke6
54. Bxe5 Kd7 55. Bf6 Kc6 56. Kd4 Kd6 57. Bxg5 Ke6 58. Bxf4 Kf5 59. Bc7 1-0

[Event "Lidums Checkmate Open"]
[Site "Adelaide"]
[Date "2010.07.04"]
[Round "5.12"]
[White "Courtney, Michael J"]
[Black "Staak, Eric"]
[Result "0-1"]
[WhiteElo "1581"]
[BlackElo "1545"]
[PlyCount "82"]
[EventDate "2010.07.03"]
[EventType "swiss"]
[EventRounds "7"]
[EventCountry "AUS"]

1. e4 e6 2. d4 d5 3. e5 c5 4. c3 Bd7 5. f4 Nc6 6. Nf3 cxd4 7. cxd4 Nh6 8. Nbd2
Nf5 9. Nb3 Bb4+ 10. Bd2 Ne3 11. Qc1 Nxf1 12. Rxf1 Rc8 13. Nc5 b6 14. Nb7 Qe7
15. Qd1 O-O 16. a3 Bxd2+ 17. Qxd2 Na5 18. Qb4 Qxb4+ 19. axb4 Nxb7 20. Rxa7 Rc1+
21. Kf2 Rxf1+ 22. Kxf1 Rb8 23. Ke1 Bb5 24. Nd2 h5 25. Nb1 Nd8 26. Nc3 Bc4 27.
Na4 Nc6 28. Rd7 Nxb4 29. Rd6 b5 30. Nc5 Nc2+ 31. Kf2 Nxd4 32. h3 Nb3 33. Nxe6
fxe6 34. Rxe6 d4 35. Rd6 d3 36. e6 Bxe6 37. Rxe6 Rd8 38. Ke1 d2+ 39. Kd1 Rc8
40. Rd6 Rc1+ 41. Ke2 Re1+ 0-1

[Event "Lidums Checkmate Open"]
[Site "Adelaide"]
[Date "2010.07.04"]
[Round "5.13"]
[White "Atrens, Edvard"]
[Black "Zelesco, Karl"]
[Result "0-1"]
[WhiteElo "1539"]
[BlackElo "1603"]
[PlyCount "64"]
[EventDate "2010.07.03"]
[EventType "swiss"]
[EventRounds "7"]
[EventCountry "AUS"]

1. e4 e5 2. Nf3 Nc6 3. Bb5 f5 4. d3 fxe4 5. dxe4 Nf6 6. O-O Bc5 7. Nc3 d6 8. h3
Be6 9. Bg5 h6 10. Bh4 O-O 11. Nd5 Bxd5 12. exd5 Ne7 13. c4 Nf5 14. Bxf6 Qxf6
15. Qe2 Ng3 16. Qd3 e4 17. Qd2 Nxf1 18. Rxf1 exf3 19. g3 Qg5 20. Kh2 a6 21. Ba4
h5 22. Bc2 Qf6 23. Qd3 g6 24. Re1 Rae8 25. Re4 Rxe4 26. Qxe4 Bxf2 27. Ba4 Bxg3+
28. Kg1 Be5 29. b4 Qg5+ 30. Kf1 Qg2+ 31. Ke1 Bc3+ 32. Kd1 Qd2# 0-1

[Event "Lidums Checkmate Open"]
[Site "Adelaide"]
[Date "2010.07.04"]
[Round "6.1"]
[White "Wallis, Christopher"]
[Black "Morris, James"]
[Result "1/2-1/2"]
[WhiteElo "2130"]
[BlackElo "2213"]
[PlyCount "62"]
[EventDate "2010.07.03"]
[EventType "swiss"]
[EventRounds "7"]
[EventCountry "AUS"]

1. e4 g6 2. d4 Bg7 3. Nc3 c6 4. f4 d5 5. e5 h5 6. Nf3 Nh6 7. Be3 Bg4 8. Bf2 e6
9. Be2 Nd7 10. Qd2 Nf5 11. g3 Bh6 12. h3 Bxf3 13. Bxf3 c5 14. Ne2 Nxd4 15. Nxd4
cxd4 16. Qxd4 Bf8 17. O-O Bc5 18. Qd2 Bxf2+ 19. Qxf2 Qb6 20. c4 dxc4 21. Rac1
Rc8 22. Qxb6 Nxb6 23. Bxb7 Rc7 24. Ba6 Ke7 25. b3 c3 26. Bc4 Nd5 27. Rfd1 Rc5
28. h4 Rhc8 29. Kf2 Nb6 30. Rxc3 Nxc4 31. bxc4 Rxc4 1/2-1/2

[Event "Lidums Checkmate Open"]
[Site "Adelaide"]
[Date "2010.07.04"]
[Round "6.2"]
[White "Smerdon, David C"]
[Black "Goldenberg, Igor"]
[Result "1-0"]
[WhiteElo "2511"]
[BlackElo "2336"]
[PlyCount "120"]
[EventDate "2010.07.03"]
[EventType "swiss"]
[EventRounds "7"]
[EventCountry "AUS"]

1. e4 c5 2. c3 Nf6 3. e5 Nd5 4. d4 cxd4 5. Nf3 Nc6 6. cxd4 d6 7. Bc4 Nb6 8. Bb5
dxe5 9. Nxe5 Bd7 10. Nxd7 Qxd7 11. O-O Rd8 12. Nc3 e6 13. a4 a6 14. Bxc6 Qxc6
15. Bg5 f6 16. Be3 Nd5 17. Rc1 Bd6 18. Ne4 Qd7 19. Qh5+ g6 20. Qxd5 exd5 21.
Nxf6+ Ke7 22. Nxd7 Kxd7 23. g3 Rc8 24. Kg2 Rxc1 25. Rxc1 Rf8 26. Rc3 Re8 27.
Kf3 Re4 28. h3 Kd8 29. Kg2 Kd7 30. Rc2 Re8 31. Kf3 Re4 32. Ke2 Re8 33. Kd3 Rf8
34. Re2 Rf3 35. Re1 Bb4 36. Rc1 h5 37. Ke2 Rf6 38. Bf4 Rc6 39. Kf3 Rxc1 40.
Bxc1 Ke6 41. g4 Bd6 42. Bf4 Bb4 43. Kg3 Be1 44. Be3 Kf6 45. Kh4 hxg4 46. Kxg4
Bb4 47. Bg5+ Kf7 48. f4 Be1 49. Bh4 Bd2 50. Bd8 Be3 51. Bb6 Kf6 52. b3 Bg1 53.
h4 Bf2 54. Bd8+ Kf7 55. f5 Bxd4 56. fxg6+ Kxg6 57. h5+ Kg7 58. Kf5 b5 59. axb5
axb5 60. Bg5 Bc3 1-0

[Event "Lidums Checkmate Open"]
[Site "Adelaide"]
[Date "2010.07.04"]
[Round "6.3"]
[White "Johansen, Darryl K"]
[Black "Teichmann, Erik"]
[Result "1-0"]
[WhiteElo "2330"]
[BlackElo "2331"]
[PlyCount "70"]
[EventDate "2010.07.03"]
[EventType "swiss"]
[EventRounds "7"]
[EventCountry "AUS"]

1. d4 Nf6 2. c4 Nc6 3. Nf3 d6 4. g3 Bg4 5. Bg2 e5 6. d5 Ne7 7. Nc3 g6 8. e4 Bg7
9. O-O O-O 10. Qc2 Nh5 11. Ne1 Bd7 12. Qd1 Qe8 13. Nd3 f5 14. a4 a6 15. c5 Nf6
16. f3 Rd8 17. Qb3 Bc8 18. cxd6 cxd6 19. Be3 Kh8 20. Rac1 Neg8 21. Rce1 fxe4
22. fxe4 Bh6 23. Bb6 Rd7 24. Qb4 Ng4 25. Nd1 Bg7 26. Ne3 h5 27. Nc4 Qe7 28. h3
N4h6 29. Be3 Nf7 30. Rc1 Bh6 31. Bxh6 Ngxh6 32. Nb6 Rdd8 33. Qd2 Kg7 34. Rc3
Rfe8 35. Qc1 Qf8 1-0

[Event "Lidums Checkmate Open"]
[Site "Adelaide"]
[Date "2010.07.04"]
[Round "6.4"]
[White "Scott, Ronald"]
[Black "Cloudsdale, Colin"]
[Result "1-0"]
[WhiteElo "2185"]
[BlackElo "1898"]
[PlyCount "28"]
[EventDate "2010.07.03"]
[EventType "swiss"]
[EventRounds "7"]
[EventCountry "AUS"]

1. Nf3 c5 2. c4 g6 3. Nc3 Nc6 4. e3 Bg7 5. d4 cxd4 6. exd4 d6 7. d5 Ne5 8. Nd4
h5 9. Be2 Nh6 10. O-O a6 11. Bg5 Qc7 12. Rc1 O-O 13. b4 Nxc4 14. Ne4 b5 1-0

[Event "Lidums Checkmate Open"]
[Site "Adelaide"]
[Date "2010.07.04"]
[Round "6.5"]
[White "Zulfic, Fedja"]
[Black "Kerr, Bill"]
[Result "1/2-1/2"]
[WhiteElo "1935"]
[BlackElo "1793"]
[PlyCount "58"]
[EventDate "2010.07.03"]
[EventType "swiss"]
[EventRounds "7"]
[EventCountry "AUS"]

1. d4 f5 2. c4 Nf6 3. Nf3 g6 4. g3 Bg7 5. Bg2 d6 6. O-O O-O 7. Nc3 Qe8 8. d5
Na6 9. Be3 h6 10. Rb1 c5 11. a3 g5 12. Ne1 Ng4 13. Qc1 Nc7 14. h3 Ne5 15. b3 f4
16. gxf4 gxf4 17. Bxf4 Qh5 18. Qe3 Ng6 19. Bg3 Bxh3 20. b4 Bf5 21. Rb3 cxb4 22.
axb4 Ne5 23. c5 Nc4 24. Qc1 b5 25. Nxb5 Nxb5 26. Qxc4 Nd4 27. Re3 Qf7 28. cxd6
Rfd8 29. Qa2 exd6 1/2-1/2

[Event "Lidums Checkmate Open"]
[Site "Adelaide"]
[Date "2010.07.04"]
[Round "6.7"]
[White "Srdic, Goran"]
[Black "Mdinaradze, Edgar"]
[Result "1-0"]
[WhiteElo "1990"]
[BlackElo "1871"]
[PlyCount "64"]
[EventDate "2010.07.03"]
[EventType "swiss"]
[EventRounds "7"]
[EventCountry "AUS"]

1. d4 Nf6 2. Nf3 d5 3. c4 e6 4. Nc3 c5 5. cxd5 Nxd5 6. e4 Nb6 7. Be3 cxd4 8.
Bxd4 Nc6 9. Bb5 Bd7 10. Bxc6 Bxc6 11. O-O Nd7 12. Qe2 Qa5 13. a3 Qh5 14. b4 b6
15. Rac1 f6 16. Rfd1 Nb8 17. Nd5 Bd6 18. Rxc6 Nxc6 19. Qb5 Kf7 20. Qxc6 Bxh2+
21. Kf1 exd5 22. e5 Bxe5 23. Qxd5+ Kg6 24. Nxe5+ Kh6 25. Nf7+ Kg6 26. Nxh8+
Rxh8 27. Qxh5+ Kxh5 28. Be3 g5 29. Rd7 Kg6 30. Rxa7 b5 31. Ra6 Rd8 32. g4 Rd5
1-0

[Event "Lidums Checkmate Open"]
[Site "Adelaide"]
[Date "2010.07.04"]
[Round "6.8"]
[White "Cameron, Alistair"]
[Black "Guo, Emma"]
[Result "1/2-1/2"]
[WhiteElo "1862"]
[BlackElo "1843"]
[PlyCount "86"]
[EventDate "2010.07.03"]
[EventType "swiss"]
[EventRounds "7"]
[EventCountry "AUS"]

1. d4 Nf6 2. c4 c5 3. d5 b5 4. cxb5 a6 5. bxa6 g6 6. Qc2 d6 7. e4 Bxa6 8. Bxa6
Nxa6 9. Bd2 Bg7 10. Ne2 O-O 11. O-O Qb6 12. Na3 Nb4 13. Bxb4 Qxb4 14. Nc4 Rfb8
15. a3 Qb5 16. Rab1 Nd7 17. b3 Nb6 18. a4 Qb4 19. Ne3 Nd7 20. Nc4 Ne5 21. f4
Nxc4 22. bxc4 Qa5 23. Rb5 Rxb5 24. axb5 Qa3 25. h3 Ra4 26. Rb1 Rb4 27. Rxb4
cxb4 28. Nc1 Qe3+ 29. Kh2 Qxf4+ 30. g3 Qe3 31. Nb3 Be5 32. b6 Qxg3+ 33. Kh1
Qxh3+ 34. Kg1 Qc8 35. Qa2 Bf4 36. Qf2 Qg4+ 37. Kf1 Qh3+ 38. Ke2 Qxb3 39. b7
Qxc4+ 40. Kf3 Qb5 41. Qa7 Qf1+ 42. Qf2 Qb5 43. Qa7 Qf1+ 1/2-1/2

[Event "Lidums Checkmate Open"]
[Site "Adelaide"]
[Date "2010.07.04"]
[Round "6.9"]
[White "Staak, Eric"]
[Black "Sykes, Alexander K"]
[Result "0-1"]
[WhiteElo "1545"]
[BlackElo "1900"]
[PlyCount "74"]
[EventDate "2010.07.03"]
[EventType "swiss"]
[EventRounds "7"]
[EventCountry "AUS"]

1. d4 Nf6 2. c4 g6 3. Nc3 d5 4. e3 Bg7 5. cxd5 Nxd5 6. Nxd5 Qxd5 7. Ne2 c5 8.
Nc3 Qd8 9. d5 O-O 10. Be2 e5 11. O-O f5 12. e4 Nd7 13. f3 b6 14. Rb1 Nf6 15. b4
cxb4 16. Rxb4 Ne8 17. Ba3 Nd6 18. Rb1 a6 19. Kh1 Rf7 20. Bd3 b5 21. Rc1 Bh6 22.
Rc2 Rc7 23. Bc1 Bg7 24. Be3 Nc4 25. Bxc4 Rxc4 26. Ne2 Bd7 27. Rxc4 bxc4 28. Nc3
Rb8 29. h3 f4 30. Bf2 Bf8 31. Qc2 Qa5 32. Kh2 Qa3 33. Qc1 Rb2 34. Bh4 Ba4 35.
Nb1 Qxa2 36. Rg1 Bc5 37. Nc3 Bxg1+ 0-1

[Event "Lidums Checkmate Open"]
[Site "Adelaide"]
[Date "2010.07.04"]
[Round "6.10"]
[White "Haydn, Gavin"]
[Black "Jelic, Mato"]
[Result "0-1"]
[WhiteElo "1489"]
[BlackElo "1814"]
[PlyCount "62"]
[EventDate "2010.07.03"]
[EventType "swiss"]
[EventRounds "7"]
[EventCountry "AUS"]

1. d4 Nf6 2. c4 g6 3. Nc3 d5 4. cxd5 Nxd5 5. e4 Nxc3 6. bxc3 Bg7 7. Bg5 c5 8.
Rc1 cxd4 9. cxd4 Nc6 10. d5 Ne5 11. Be2 h6 12. Bd2 f5 13. f4 Nf7 14. Bb5+ Kf8
15. Qe2 fxe4 16. Bc4 Nd6 17. Bb3 Bd7 18. g4 Rc8 19. Rxc8 Qxc8 20. h3 Qc5 21.
Be3 Bd4 22. Kf2 h5 23. Bxd4 Qxd4+ 24. Kg2 a5 25. Qc2 hxg4 26. h4 Nf5 27. Qe2 a4
28. Bc2 Ne3+ 29. Kg3 Qc3 30. Bxe4 Nf5+ 31. Kf2 Qg3+ 0-1

[Event "Lidums Checkmate Open"]
[Site "Adelaide"]
[Date "2010.07.04"]
[Round "6.12"]
[White "Zelesco, Karl"]
[Black "Courtney, Michael J"]
[Result "1-0"]
[WhiteElo "1603"]
[BlackElo "1581"]
[PlyCount "55"]
[EventDate "2010.07.03"]
[EventType "swiss"]
[EventRounds "7"]
[EventCountry "AUS"]

1. e4 e6 2. d4 d5 3. Nc3 Nf6 4. e5 Nfd7 5. f4 c5 6. Nf3 Nc6 7. Be3 cxd4 8. Nxd4
Be7 9. Be2 O-O 10. O-O Nxd4 11. Bxd4 f6 12. Qd3 Qc7 13. Nb5 Qa5 14. Qe3 a6 15.
exf6 Nxf6 16. Bb6 Qb4 17. Nc7 Rb8 18. Nxe6 d4 19. Bxd4 Re8 20. f5 Bd6 21. a3
Qa5 22. Bc4 Bxh2+ 23. Kh1 Bxe6 24. Bxe6+ Kh8 25. Bxf6 Bc7 26. Bxg7+ Kxg7 27.
Qg5+ Kf8 28. Qf6# 1-0

[Event "Lidums Checkmate Open"]
[Site "Adelaide"]
[Date "2010.07.04"]
[Round "6.14"]
[White "Simmonds, Leteisha"]
[Black "Atrens, Edvard"]
[Result "1/2-1/2"]
[WhiteElo "1396"]
[BlackElo "1529"]
[PlyCount "78"]
[EventDate "2010.07.03"]
[EventType "swiss"]
[EventRounds "7"]
[EventCountry "AUS"]

1. e4 c5 2. Nf3 e6 3. d4 cxd4 4. Nxd4 Nf6 5. Bd3 d6 6. c4 Be7 7. Nc3 Nc6 8. Be2
O-O 9. O-O a6 10. Be3 Qc7 11. Qd2 Ne5 12. b3 Neg4 13. Rfd1 Rd8 14. Bxg4 Nxg4
15. Bg5 f6 16. Bh4 Bd7 17. h3 Ne5 18. Bg3 Kf7 19. f4 Nc6 20. Nxc6 Bxc6 21. Bf2
b5 22. cxb5 axb5 23. Qd3 Qb7 24. Re1 b4 25. Nd1 d5 26. exd5 Bxd5 27. Qe3 Rac8
28. Qe2 Rd6 29. Ne3 Qd7 30. Nxd5 Rxd5 31. Red1 Bc5 32. Rxd5 Qxd5 33. Rd1 Bxf2+
34. Kxf2 Qc5+ 35. Qe3 Qxe3+ 36. Kxe3 Rc2 37. Rd2 Rc3+ 38. Rd3 Rc2 39. Rd2 Rc3+
1/2-1/2

[Event "Lidums Checkmate Open"]
[Site "Adelaide"]
[Date "2010.07.04"]
[Round "7.1"]
[White "Morris, James"]
[Black "Johansen, Darryl K"]
[Result "0-1"]
[WhiteElo "2213"]
[BlackElo "2360"]
[PlyCount "48"]
[EventDate "2010.07.03"]
[EventType "swiss"]
[EventRounds "7"]
[EventCountry "AUS"]

1. c4 c5 2. b3 Nc6 3. Nf3 e5 4. d3 g6 5. Bb2 Bg7 6. g3 Nge7 7. Bg2 O-O 8. Nc3
d5 9. cxd5 Nxd5 10. Nxd5 Qxd5 11. O-O Qd6 12. Rc1 Bd7 13. Nd2 b6 14. Qc2 Rac8
15. Qb1 Rfe8 16. a3 Nd4 17. Rfe1 Bg4 18. Bf1 h5 19. h3 Be6 20. e3 Nc6 21. Nc4
Qd7 22. h4 Bf5 23. Red1 Bg4 24. Rd2 b5 0-1

[Event "Lidums Checkmate Open"]
[Site "Adelaide"]
[Date "2010.07.04"]
[Round "7.2"]
[White "Chapman, Mark"]
[Black "Smerdon, David C"]
[Result "1/2-1/2"]
[WhiteElo "2296"]
[BlackElo "2511"]
[PlyCount "46"]
[EventDate "2010.07.03"]
[EventType "swiss"]
[EventRounds "7"]
[EventCountry "AUS"]

1. e4 c5 2. Nf3 d6 3. d4 cxd4 4. Nxd4 Nf6 5. Nc3 g6 6. Be2 Nc6 7. Nb3 Bg7 8.
O-O O-O 9. Bg5 a5 10. a4 Be6 11. Kh1 Rc8 12. f4 Qb6 13. Ra3 Nb4 14. Nd4 Bc4 15.
Ndb5 Rfe8 16. Bh4 Qc5 17. Bxc4 Qxc4 18. Re1 Nh5 19. f5 d5 20. g4 Nf4 21. f6 d4
22. fxg7 dxc3 23. Rxc3 Qa2 1/2-1/2

[Event "Lidums Checkmate Open"]
[Site "Adelaide"]
[Date "2010.07.04"]
[Round "7.3"]
[White "Teichmann, Erik"]
[Black "Wallis, Christopher"]
[Result "1-0"]
[WhiteElo "2321"]
[BlackElo "2130"]
[PlyCount "81"]
[EventDate "2010.07.03"]
[EventType "swiss"]
[EventRounds "7"]
[EventCountry "AUS"]

1. b4 e5 2. Bb2 Bxb4 3. Bxe5 Nf6 4. c4 O-O 5. Nf3 d5 6. e3 Re8 7. Bb2 c5 8.
cxd5 Nxd5 9. Qc2 Qe7 10. Bd3 h6 11. O-O Nc6 12. h3 Be6 13. Rc1 Rac8 14. a3 Ba5
15. Qxc5 Qd7 16. Bf1 Bb6 17. Qb5 a6 18. Qa4 Bf5 19. Nc3 Nxc3 20. Bxc3 Be4 21.
Qd1 Bc7 22. d3 Bg6 23. e4 Rcd8 24. Nh4 Qd6 25. g3 Bb6 26. Kg2 Nd4 27. f4 Nb5
28. Be5 Rxe5 29. fxe5 Qd4 30. Nf3 Qf2+ 31. Kh1 Bxe4 32. Bg2 Rxd3 33. Rc8+ Kh7
34. Ng5+ Kg6 35. Bxe4+ f5 36. exf6+ Kxg5 37. Qxd3 Be3 38. h4+ Kg4 39. Qf1 Qd2
40. Qf3+ Kh3 41. Bf5# 1-0

[Event "Lidums Checkmate Open"]
[Site "Adelaide"]
[Date "2010.07.04"]
[Round "7.4"]
[White "Goldenberg, Igor"]
[Black "Scott, Ronald"]
[Result "1-0"]
[WhiteElo "2336"]
[BlackElo "2185"]
[PlyCount "85"]
[EventDate "2010.07.03"]
[EventType "swiss"]
[EventRounds "7"]
[EventCountry "AUS"]

1. Nf3 Nf6 2. c4 e6 3. Nc3 d5 4. d4 Be7 5. Bg5 Nbd7 6. e3 O-O 7. Rc1 a6 8. cxd5
exd5 9. Bd3 Re8 10. O-O c6 11. Rb1 Nf8 12. Ne5 Ng6 13. f4 Nxe5 14. fxe5 Ng4 15.
Bxe7 Qxe7 16. Qe2 Qg5 17. Rbe1 f5 18. Qf3 Nh6 19. Ne2 Be6 20. Nf4 g6 21. Qe2
Nf7 22. Rf3 Kh8 23. Rg3 Qh6 24. Nxg6+ hxg6 25. Rh3 Qxh3 26. gxh3 Kg7 27. Rf1
Rh8 28. Rf3 Ng5 29. Rg3 Nxh3+ 30. Kg2 Raf8 31. Rxh3 Rxh3 32. Kxh3 f4+ 33. Kg2
f3+ 34. Qxf3 Rxf3 35. Kxf3 Kh6 36. Kg3 g5 37. Be2 c5 38. dxc5 Kg6 39. Bg4 Bf5
40. b4 Bb1 41. a3 a5 42. bxa5 Bd3 43. Bc8 1-0

[Event "Lidums Checkmate Open"]
[Site "Adelaide"]
[Date "2010.07.04"]
[Round "7.5"]
[White "Sheldrick, Kevin"]
[Black "Zulfic, Fedja"]
[Result "0-1"]
[WhiteElo "2095"]
[BlackElo "1935"]
[PlyCount "70"]
[EventDate "2010.07.03"]
[EventType "swiss"]
[EventRounds "7"]
[EventCountry "AUS"]

1. e4 d5 2. exd5 Nf6 3. Nf3 Bg4 4. Bb5+ Nbd7 5. c4 a6 6. Ba4 b5 7. cxb5 Nxd5 8.
Nc3 e6 9. h3 Bh5 10. Nxd5 exd5 11. O-O Be7 12. bxa6 O-O 13. g4 Bg6 14. Bc6 Rxa6
15. Bxd5 h5 16. d4 hxg4 17. hxg4 Nf6 18. Bc4 Rd6 19. g5 Ne4 20. Bf4 Nxg5 21.
Bxd6 Bxd6 22. Re1 Bh5 23. Be2 Re8 24. Ne5 Nh3+ 25. Kf1 Qh4 26. Nd3 Nf4 27. Bf3
Qh3+ 28. Kg1 Bxf3 29. Rxe8+ Kh7 30. Qxf3 Qxf3 31. Nxf4 Bxf4 32. Rae1 Qh3 33. f3
Qh2+ 34. Kf1 Bg3 35. R1e2 Qh1# 0-1

[Event "Lidums Checkmate Open"]
[Site "Adelaide"]
[Date "2010.07.04"]
[Round "7.6"]
[White "Kerr, Bill"]
[Black "Srdic, Goran"]
[Result "1/2-1/2"]
[WhiteElo "1793"]
[BlackElo "1990"]
[PlyCount "83"]
[EventDate "2010.07.03"]
[EventType "swiss"]
[EventRounds "7"]
[EventCountry "AUS"]

1. f4 d5 2. Nf3 g6 3. g3 Bg7 4. Bg2 c5 5. d3 Nh6 6. Nc3 O-O 7. O-O Nc6 8. e4 e6
9. e5 Nf5 10. g4 Nh4 11. Nxh4 Qxh4 12. Be3 Qe7 13. Ne2 f6 14. exf6 Bxf6 15. d4
cxd4 16. Nxd4 Nxd4 17. Bxd4 Qb4 18. c3 Qxb2 19. Rb1 Qxa2 20. Bxf6 Rxf6 21. Qd4
Rf7 22. f5 gxf5 23. Ra1 Qc4 24. Qxc4 dxc4 25. gxf5 Rxf5 26. Rfd1 e5 27. Bd5+
Kg7 28. Bxc4 Rg5+ 29. Kf2 Bg4 30. Rdb1 b6 31. Ke3 Rg6 32. Bd5 Rd8 33. Rxa7+ Rd7
34. Rxd7+ Bxd7 35. Ke4 Bc6 36. c4 Bxd5+ 37. Kxd5 Kf7 38. Kxe5 Ke7 39. Ra1 Rg5+
40. Kf4 Ra5 41. Rb1 Ra4 42. Rxb6 1/2-1/2

[Event "Lidums Checkmate Open"]
[Site "Adelaide"]
[Date "2010.07.04"]
[Round "7.7"]
[White "Sykes, Alexander K"]
[Black "Guo, Emma"]
[Result "1/2-1/2"]
[WhiteElo "1900"]
[BlackElo "1843"]
[PlyCount "76"]
[EventDate "2010.07.03"]
[EventType "swiss"]
[EventRounds "7"]
[EventCountry "AUS"]

1. d4 Nf6 2. c4 c5 3. d5 b5 4. a4 b4 5. b3 g6 6. Bb2 Bg7 7. Nd2 O-O 8. e4 d6 9.
Bd3 e5 10. dxe6 fxe6 11. Qc2 d5 12. cxd5 exd5 13. exd5 Bb7 14. Ne2 Bxd5 15. O-O
Nbd7 16. Bc4 Nb6 17. Bxd5+ Qxd5 18. Ng3 Rac8 19. Rad1 Qc6 20. Nc4 Nxc4 21.
Qxc4+ Kh8 22. Rfe1 Rfe8 23. Qf7 Rf8 24. Qe6 c4 25. Qxc6 Rxc6 26. bxc4 Rxc4 27.
Re7 a5 28. Rde1 b3 29. Rb7 Nh5 30. Ba3 Rfc8 31. Rxb3 Nxg3 32. hxg3 Rxa4 33. Bb2
Bxb2 34. Rxb2 Rb4 35. Rd2 Rc7 36. Rd5 Ra7 37. Ra1 a4 38. Rd3 Kg7 1/2-1/2

[Event "Lidums Checkmate Open"]
[Site "Adelaide"]
[Date "2010.07.04"]
[Round "7.8"]
[White "Jelic, Mato"]
[Black "Cloudsdale, Colin"]
[Result "0-1"]
[WhiteElo "1814"]
[BlackElo "1898"]
[PlyCount "98"]
[EventDate "2010.07.03"]
[EventType "swiss"]
[EventRounds "7"]
[EventCountry "AUS"]

1. c4 e5 2. g3 Nc6 3. Bg2 f5 4. e3 Nf6 5. Ne2 g6 6. d4 d6 7. dxe5 Nxe5 8. Nbc3
Bg7 9. b3 O-O 10. Bb2 Re8 11. O-O Rb8 12. Qc2 Bd7 13. Nf4 Nf7 14. Rad1 c6 15.
Ba3 Bf8 16. h4 Qa5 17. Bb2 Rbd8 18. Rd2 Ng4 19. a4 Bc8 20. Rfd1 Bg7 21. Na2
Bxb2 22. Qxb2 Qe5 23. Nc3 Kg7 24. b4 Be6 25. Nxe6+ Rxe6 26. Bf3 Qf6 27. Bxg4
fxg4 28. Ne2 Ne5 29. Nf4 Re7 30. Kg2 Nxc4 31. Qxf6+ Kxf6 32. Rd4 Ne5 33. Rxd6+
Rxd6 34. Rxd6+ Kf7 35. Kf1 Rc7 36. Nd3 Ke7 37. Rd4 Nf3 38. Re4+ Kf6 39. Ke2 h5
40. Rf4+ Kg7 41. Nc5 Re7 42. a5 b6 43. axb6 axb6 44. Na4 b5 45. Nc5 Re5 46. Nb3
Ng1+ 47. Kd3 Nh3 48. Nd4 Rd5 49. Ke4 Nxf4 0-1

[Event "Lidums Checkmate Open"]
[Site "Adelaide"]
[Date "2010.07.04"]
[Round "7.9"]
[White "Steffensen, Dennis A"]
[Black "Goldsmith, Alan D"]
[Result "0-1"]
[WhiteElo "1601"]
[BlackElo "1975"]
[PlyCount "78"]
[EventDate "2010.07.03"]
[EventType "swiss"]
[EventRounds "7"]
[EventCountry "AUS"]

1. d4 d5 2. g3 c5 3. Nf3 Nc6 4. Bg2 Bg4 5. c3 Nf6 6. h3 Bf5 7. O-O e6 8. a3 h6
9. Nbd2 Qc7 10. Nb3 c4 11. Nbd2 g5 12. Nh2 Bd6 13. Re1 O-O-O 14. e4 Nxe4 15.
Nxe4 Bxe4 16. Bxe4 dxe4 17. Rxe4 f5 18. Rxe6 Bxg3 19. Nf1 Bd6 20. Qh5 f4 21.
Bd2 Kb8 22. Rae1 Ne7 23. Rxh6 Qc8 24. Ree6 Qxe6 25. Rxh8 Rxh8 26. Qxh8+ Kc7 27.
Qh5 Qf5 28. Kg2 Ng6 29. f3 Nh4+ 30. Kf2 Qxh3 31. Qg4 Qh1 32. Be1 b5 33. Ke2 a5
34. Bxh4 gxh4 35. Kf2 h3 36. Qg1 Qxg1+ 37. Kxg1 Bxa3 38. bxa3 b4 39. Nd2 bxc3
0-1

[Event "Lidums Checkmate Open"]
[Site "Adelaide"]
[Date "2010.07.04"]
[Round "7.10"]
[White "Mdinaradze, Edgar"]
[Black "Zelesco, Karl"]
[Result "1-0"]
[WhiteElo "1871"]
[BlackElo "1603"]
[PlyCount "84"]
[EventDate "2010.07.03"]
[EventType "swiss"]
[EventRounds "7"]
[EventCountry "AUS"]

1. d4 d5 2. b3 Nf6 3. Nf3 Bf5 4. Nbd2 h6 5. Bb2 e6 6. e3 Nbd7 7. Be2 Bd6 8. O-O
O-O 9. Ne5 c5 10. c4 Rc8 11. Ndf3 Qc7 12. Rc1 b6 13. cxd5 exd5 14. Nxd7 Qxd7
15. dxc5 bxc5 16. Nh4 Be6 17. Bd3 Ng4 18. Nf3 f6 19. Qe2 Ne5 20. Bb1 Nxf3+ 21.
gxf3 Bh3 22. Qd3 f5 23. Qxd5+ Kh8 24. Rfd1 Rc6 25. Kh1 f4 26. e4 Be6 27. Qh5
Kg8 28. Rg1 Rf7 29. Rcd1 Qc7 30. Qxh6 Bf8 31. Qh5 Qb6 32. e5 g6 33. Rxg6+ Bg7
34. Qg5 Rc8 35. Rd6 Qb7 36. Be4 Qc7 37. Rdxe6 Rd8 38. Rd6 Rxd6 39. exd6 Qd7 40.
Bd5 Kf8 41. Bxg7+ Rxg7 42. Rxg7 Qxg7 1-0

[Event "Lidums Checkmate Open"]
[Site "Adelaide"]
[Date "2010.07.04"]
[Round "7.11"]
[White "Staak, Eric"]
[Black "Cameron, Alistair"]
[Result "0-1"]
[WhiteElo "1545"]
[BlackElo "1862"]
[PlyCount "56"]
[EventDate "2010.07.03"]
[EventType "swiss"]
[EventRounds "7"]
[EventCountry "AUS"]

1. e4 c5 2. Nf3 d6 3. d4 cxd4 4. Nxd4 Nf6 5. Nc3 Nc6 6. Bc4 e6 7. Bb3 a6 8. Be3
Qc7 9. Qd2 Na5 10. f3 b5 11. g4 Nc4 12. Bxc4 bxc4 13. g5 Nd7 14. f4 Be7 15. h4
Nc5 16. f5 Qb7 17. fxe6 fxe6 18. Rf1 Nxe4 19. Nxe4 Qxe4 20. Rf4 Qh1+ 21. Rf1
Qxh4+ 22. Rf2 Rf8 23. O-O-O Rxf2 24. Bxf2 Qxg5 25. Be3 Qd5 26. Qh2 h6 27. Kb1
e5 28. Qh5+ Qf7 0-1

[Event "Lidums Checkmate Open"]
[Site "Adelaide"]
[Date "2010.07.04"]
[Round "7.12"]
[White "Simmonds, Leteisha"]
[Black "Wedding, William"]
[Result "1-0"]
[WhiteElo "1396"]
[BlackElo "1404"]
[PlyCount "86"]
[EventDate "2010.07.03"]
[EventType "swiss"]
[EventRounds "7"]
[EventCountry "AUS"]

1. e4 e5 2. Nf3 Nc6 3. Bc4 Bc5 4. c3 Nf6 5. d3 d6 6. a4 a5 7. Na3 Bg4 8. h3 Bh5
9. Be3 Bxe3 10. fxe3 O-O 11. Nc2 d5 12. exd5 Nxd5 13. e4 Nf4 14. g3 Ne6 15. O-O
Ng5 16. Kg2 Bxf3+ 17. Rxf3 Nxf3 18. Qxf3 Qg5 19. Ne3 Ne7 20. Rf1 Rad8 21. h4
Qg6 22. g4 Rd6 23. g5 h6 24. Qg4 Rb6 25. Rf2 Kh8 26. Kf1 Qc6 27. b3 Qc5 28. Nf5
Nxf5 29. exf5 Qe7 30. Re2 g6 31. f6 Qe8 32. d4 h5 33. Qe4 Qd7 34. dxe5 Qh3+ 35.
Kf2 Qxc3 36. e6 fxe6 37. Qxg6 Qd4+ 38. Kf1 Qd7 39. Qxh5+ Qh7 40. Qxh7+ Kxh7 41.
h5 Rd6 42. Bxe6 Rd1+ 43. Kg2 Rd6 1-0